000 00806cab a2200241 4500
001 ABS47000
008 090401t1992 xxu||||| |||| 00| 0 eng d
035 _a(Sirsi) u60329
041 _aeng
100 _aBurton, I.
245 _aAgency gets mixed bag
260 _c1992
350 _a0
490 _aPlanning (for the Natural and Built Environment)
_v(979) 31 July 1992, 6-7(2)
520 _aOutlines proposed for the new Urban Regeneration Agency published in a recent DoE consultation paper. Includes comment from interested parties, namely the RTPI and the Association of Metropolitan Authorities.
650 _aCONSULTATION PAPERS
650 _aDERELICT LAND
650 _aUDCS
650 _aURBAN REGENERATION AGENCY
690 _aURBAN RENEWAL
942 _n0
948 _c04/03/1997
999 _c37183
_d37183